| Tag |
First Indicator |
Second Indicator |
Subfields |
| LEADER |
00000nam a2200000 4500 |
| 001 |
in00004197331 |
| 005 |
20200806084248.0 |
| 006 |
m g d |
| 007 |
cr bn |||a|bb| |
| 008 |
930712s1625 enk o o00 eng d |
| 035 |
|
|
|a (UnM)99892377
|
| 037 |
|
|
|a CL2105000001
|b ProQuest Information and Learning. 300 N. Zeeb Rd., Ann Arbor, MI 48106
|
| 040 |
|
|
|a Cu-RivES
|c Cu-RivES
|d CStRLIN
|e dcrb
|
| 110 |
1 |
|
|a England and Wales.
|b Sovereign (1625-1649 : Charles I)
|
| 245 |
1 |
0 |
|a By the King. A proclamation for making currant certaine French coyne..
|
| 260 |
|
|
|a Printed at Oxford [id est London] :
|b By I.L. and W.T. for Bonham Norton and Iohn Bill, printers to the Kings most excellent Maiestie,
|c Anno Dom. M.DC.XXV. [1625]
|
| 300 |
|
|
|a 1 online resource (1 sheet ([1] pages).
|
| 336 |
|
|
|a text
|b txt
|2 rdacontent
|
| 337 |
|
|
|a computer
|b c
|2 rdamedia
|
| 338 |
|
|
|a online resource
|b cr
|2 rdacarrier
|
| 500 |
|
|
|a Dated at end: Tichfield the fourth day of September, in the first yeere of his Maiesties reigne ..
|
| 500 |
|
|
|a The imprint is false; in fact printed in London by Norton and Bill (STC).
|
| 500 |
|
|
|a Steele notation: of which His.
|
| 500 |
|
|
|a Reproduction of the original in the British Library.
|
| 510 |
4 |
|
|a STC (2nd edition)
|c 8798.3
|
| 510 |
4 |
|
|a Steele
|c 1447
|
| 510 |
4 |
|
|a Madan, II
|c 542
|
| 510 |
4 |
|
|a Early English books tract supplement interim guide
|c 506.h.11[53]
|
| 533 |
|
|
|a Electronic reproduction.
|b Ann Arbor, Mich. :
|c UMI,
|d 1999-
|f (Early English books online)
|n Digital version of: (Early English books; Tract supplement ; C2:2[54])
|7 s1999 miun s
|
| 650 |
|
0 |
|a Coinage
|x Law and legislation
|z England
|v Early works to 1800.
|
| 650 |
|
0 |
|a Coins, French
|x Law and legislation
|v Early works to 1800.
|
| 700 |
0 |
|
|a Charles
|b I,
|c King of England,
|d 1600-1649.
|
| 830 |
|
0 |
|a Early English books online.
|
| 246 |
3 |
0 |
|a Proclamation for making currant certaine French coyne
|
| 856 |
4 |
0 |
|u http://proxy.library.tamu.edu/login?url=https://search.proquest.com/docview/2240920969
|z Connect to the full text of this electronic book
|t 0
|
| 999 |
f |
f |
|s b4844393-0c0e-3844-a963-ac7a153f6c27
|i ba9c3c8d-ddbf-38eb-abef-880679f1ff49
|t 0
|
| 952 |
f |
f |
|a Texas A&M University
|b College Station
|c Electronic Resources
|d Available Online
|t 0
|h No information provided
|
| 998 |
f |
f |
|t 0
|l Available Online
|